Nutrition and environmental health : (Record no. 12526)
[ view plain ]
| 000 -LEADER | |
|---|---|
| fixed length control field | 01065cam a2200301 i 4500 |
| 001 - CONTROL NUMBER | |
| control field | 12526 |
| 003 - CONTROL NUMBER IDENTIFIER | |
| rucl marc code | BD-RjUL |
| 005 - DATE AND TIME OF LATEST TRANSACTION | |
| control field | 20211208235317.0 |
| 008 - FIXED-LENGTH DATA ELEMENTS--GENERAL INFORMATION | |
| fixed length control field | 140129s1980 nyua 00110 eng d |
| 020 ## - INTERNATIONAL STANDARD BOOK NUMBER | |
| International Standard Book Number | 047104833X (v. l) |
| 035 ## - SYSTEM CONTROL NUMBER | |
| System control number | (BD-RjUL)12575 |
| 040 ## - CATALOGING SOURCE | |
| Original cataloging agency | HNE |
| Language of cataloging | eng |
| Transcribing agency | HNE |
| Modifying agency | BD-RjUL |
| 041 ## - LANGUAGE CODE | |
| Language code of text/sound track or separate title | eng |
| 082 00 - DEWEY DECIMAL CLASSIFICATION NUMBER | |
| Classification number | 614.7 |
| Edition number | 19 |
| Author mark and year | CAN 1980 |
| 100 1# - MAIN ENTRY--PERSONAL NAME | |
| Personal name | Calabrese, Edward J., |
| Dates associated with a name | 1946- |
| 9 (RLIN) | 38996 |
| 245 10 - TITLE STATEMENT | |
| Title | Nutrition and environmental health : |
| Remainder of title | the influence of nutritional status on pollutant toxicity and carcinogenicity / |
| Statement of responsibility, etc. | by Edward J. Calabrese. |
| 260 ## - PUBLICATION, DISTRIBUTION, ETC. (IMPRINT) | |
| Place of publication, distribution, etc. | New York : |
| Name of publisher, distributor, etc. | Wiley, |
| Date of publication, distribution, etc. | c1980. |
| 300 ## - PHYSICAL DESCRIPTION | |
| Pagination | xix, 585 p. : |
| Illustrations | ill. ; |
| Size | 24 cm. |
| 490 0# - SERIES STATEMENT | |
| Series statement | Environmental science and technology |
| 500 ## - GENERAL NOTE | |
| General note | "A Wiley-Interscience publication." |
| 504 ## - BIBLIOGRAPHY, ETC. NOTE | |
| Bibliography, etc | Includes bibliographical references and indexes. |
| 505 ## - FORMATTED CONTENTS NOTE | |
| Formatted contents note | Vol. 1 -- |
| 650 #0 - SUBJECT ADDED ENTRY--TOPICAL TERM | |
| Topical term or geographic name as entry element | Environmental toxicology. |
| 9 (RLIN) | 38997 |
| Topical term or geographic name as entry element | Environmentally induced diseases |
| General subdivision | Nutritional aspects. |
| 9 (RLIN) | 38998 |
| Topical term or geographic name as entry element | Vitamins in human nutrition. |
| 9 (RLIN) | 38999 |
| 942 ## - ADDED ENTRY ELEMENTS (KOHA) | |
| Source of classification or shelving scheme | Dewey Decimal Classification |
| Koha item type | Books |
| Lost status | Source of classification or shelving scheme | Damaged status | Not for loan | Collection code | Permanent Location | Current Location | Shelving location | Date acquired | Source of acquisition | Cost, normal purchase price | Total Checkouts | Full call number | Date last seen | Copy number | Koha item type |
|---|---|---|---|---|---|---|---|---|---|---|---|---|---|---|---|
| Dewey Decimal Classification | Non-fiction | Central Library, University of Rajshahi | Central Library, University of Rajshahi | 04/10/1983 | Tulip Enter. Dhaka | 85.25 | 614.7 CAN V-1 1980 | 29/01/2014 | C-2 | Books | |||||
| Dewey Decimal Classification | Not For Loan | Non-fiction | Central Library, University of Rajshahi | Central Library, University of Rajshahi | Reading Room | 04/10/1983 | Tulip Ent. Dhaka | 85.25 | 614.7 CAN V-1 1980 | 29/03/2017 | C-1 | Books |